000 00526cam a2200193ua 4500
020 _a81-239-0404-5
_c160.00
041 _aeng
_h
082 _a664.8
_bSUM/FR
100 _aSumanbhatti, .
245 _aFruit and Vegetable processing : Organisatins and institutions /
_cSumanbhatti.
_hTextual Documents
250 _a1 /
_b.
260 _a :
_bC B S Publishers & Distributers ,
_c2000.
300 _a222 ; .
365 _a160.00
504 _a
700 1 _aUmavarma, .
942 _cBK
999 _c1476
_d1476